00756nam a2200205 a 450000100100000000500170001000800410002704000250006808200260009310000390011924500680015825000120022626000570023830000210029565000280031665000310034491000370037595201230041299900150053500000968620240412074212.0091001s1952 sp 000 p spa d aDO-SdBNPbspacBNPHU aRD861.44bG984p, 19521 aGutierrez Valladon, Viriato92458310aEl problema mundial del azúcar /cViriato Gutierrez Valladon. a2a. ed. aMadrid, España :bArtes grafícas Marisal,c1952. a372 p. ;c18 cm. 0aPoesía dominicana966 0aLiteratura dominicana.967 aValidado. Control de calidad MFF 001050718RVaGRbGRcHDd2009-10-01iLF1l0oRD861.44 G984p, 1952p9686-10r2020-06-25w2020-06-25y1ZNo se presta c9446d9446